Joueurs français passés par le FC Barcelone - Statistiques

Statistiques générales
  • Ce quiz a été pris 1 777 fois
    318 depuis la dernière actualisation
  • Le résultat moyen est 10 sur 23
Statistiques - réponses
Années Matchs Nom % Correct
2022- 141 Jules Koundé
95%
2019-2022 102 Antoine Griezmann
89%
2017-2023 185 Ousmane Dembele
87%
2007-2010 121 Thierry Henry
84%
2016-2023 133 Samuel Umtiti
80%
2014-2017 91 Jérémy Mathieu
78%
2007-2013 193 Eric Abidal
74%
2018-2024 160 Clément Lenglet
70%
2016-2018 46 Lucas Digne
59%
2004-2007 125 Ludovic Giuly
55%
2000-2001 38 Emmanuel Petit
48%
1996-1997 38 Laurent Blanc
47%
2006-2008 58 Lilian Thuram
41%
1997 13 Christophe Dugarry
40%
2019-2020 5 Jean-Clair Todibo
35%
2001-2003 47 Philippe Christanval
15%
1999-2000 23 Frédéric Déhu
9%
2000-2002 22 Richard Dutruel
9%
1965-1968 80 Lucien Muller
2%
1909 1 Enrique Normand
1%
2005-2006 1 Ludovic Sylvestre
1%
1913-1914 0 Maurice Bigué
0%
1903-1904 0 René Fenouillère
0%
Aucun quiz correspondant
Distribution des résultats
% des personnes avec chaque résultat
Percentile par nombre de réponses
Votre historique - résultats
Vous n’avez pas pris ce quiz depuis la dernière actualisation